ბათუმის შოთა რუსთაველის სახელმწიფო უნივერსიტეტის ბიბლიოთეკა

Избранные сочинения (ბიბ.ჩანაწერი № 45554)

000 -LEADER
fixed length control field 00536nam a2200205Ia 4500
001 - CONTROL NUMBER
control field 12380
003 - CONTROL NUMBER IDENTIFIER
control field GE_BSU
008 - FIXED-LENGTH DATA ELEMENTS--GENERAL INFORMATION
fixed length control field 181216s||||||||xx |||||||||||||| ||und||
040 ## - CATALOGING SOURCE
Transcribing agency GE_BSU
080 ## - UNIVERSAL DECIMAL CLASSIFICATION NUMBER
Universal Decimal Classification number 57
100 ## - MAIN ENTRY--PERSONAL NAME
Personal name Мичурин,И.В.
245 ## - TITLE STATEMENT
Title Избранные сочинения
245 ## - TITLE STATEMENT
Statement of responsibility, etc. Ред.Г.Г.фетисов
260 ## - PUBLICATION, DISTRIBUTION, ETC.
Place of publication, distribution, etc. Москва
260 ## - PUBLICATION, DISTRIBUTION, ETC.
Name of publisher, distributor, etc. изд-во сельхоз. лит-ры
260 ## - PUBLICATION, DISTRIBUTION, ETC.
Date of publication, distribution, etc. 1955
300 ## - PHYSICAL DESCRIPTION
Extent 606стр.27см.
653 ## - INDEX TERM--UNCONTROLLED
Uncontrolled term Избранные сочинения
942 ## - ADDED ENTRY ELEMENTS (KOHA)
Koha item type წიგნი
ეგზემპლარები
Withdrawn status Lost status Damaged status Not for loan Date acquired Barcode Date last seen Price effective from Koha item type
        2018-12-17 20440 2018-12-17 2018-12-17 წიგნი
        2018-12-17 20441 2018-12-17 2018-12-17 წიგნი